000 00847nam a2200229Ii 4500
003 JO-AjNU
008 230605s9999||||xx |||||||||||||| ||und||
017 _a2010/5052
020 _a978-977-379-077-3
040 _aJO-AjNU
_bara
_erda
_cJO-AjNU
041 _aara
050 1 4 _aHB3722.R365.2011
100 3 _aالرملاوي،محمد سعيد محمد,
_eauthor
_934120
245 0 0 _aالازمة الاقتصادية العالمية:انذار للراسمالية ودعوة للشريعة الاسلامية
250 _aط1
264 3 1 _aالاسكندرية:دار الفكر الجامعي،2011
300 _a335ص
336 _atext
_btxt
_2rdacontent
337 _aunmediated
_bn
_2rdamedia
338 _avolume
_bnc
_2rdacarrier
650 4 _aالاسلام والراسمالية والازمات الاقنصادية
_934121
999 _aA13955
_c17523
_d17523